LEADER 01330nam a2200313 a 4500 001 000000130621 003 CaOOAMICUS 005 20121003104206.0 008 121003s2007 it u000 u ita r 020 $a978-88-6159-013-7 040 $aPUL$bita 041 1 $aita$hfre 100 1 $aAugé, Marc.$0(OLS)http://pul/name/77766 245 10$aTra i confini :$bcittà, luoghi, integrazioni /$cMarc Augé. 260 $aMilano :$bBruno Mondadori,$c©2007. 300 $aIX, 64 p. ;$c17 cm 490 1 $aTesti e pretesti 500 $aLibro nato dal convegno Tra i confini. Città, luoghi, integrazione, Milano, 2006, a cura di Unidea e Accademia della Carità.. 650 4$aCittàxSociologia.$0(OLS)http://pul/subject/39027 710 2 $aUnidea.$bConvegno$n(3 :$d2006 :$cMilano).$0(OLS)http://pul/name/83712 830 0$aTesti e pretesti.$0(OLS)http://pul/title/40200 850 $aPUL 852 $aPUL$W1$xDP1 Fondo E. Rossi$y115$m1 A 64$j41591$qFondi$B149756$CPULBib$Z2$F149756 $82 941 1 $a1 961 $aCollocazione ms. sul dorso di E. Rossi: A 63 1. 996 $6020$a978-88-6159-013-7$9(OLS)http://pul/number/150694 996 $6245$aTra i confini :$bcittà, luoghi, integrazioni$9(OLS)http://pul/title/165080 996 $6260$aMilano :$bBruno Mondadori$9(OLS)http://pul/publisher/60338 LEADER 01338nam a2200313 a 4500 001 000000137399 003 CaOOAMICUS 005 20140214115430.0 008 140214s1991 it u000 u ita r 020 $a88-14-02724-2 040 $aPUL$bita 245 03$aIl sistema radiotelevisivo pubblico e privato /$cBallestrero ... [et al.] ; a cura di Enzo Roppo e Roberto Zaccaria. 260 $aMilano :$bGiuffrè,$c1991. 300 $aXVII, 678 p. ;$c22 cm 490 1 $aLeggi commentate ;$v35 504 $aBibliografia in nota. 650 4$aComunicazioni di massa$xAspetti legislativi.$0(OLS)http://pul/subject/33775 700 1 $aRoppo, Vincenzo,$d1947-$0(OLS)http://pul/name/65919 700 1 $aZaccaria, Roberto.$0(OLS)http://pul/name/47861 700 1 $aBallestrero, Maria Vittoria.$0(OLS)http://pul/name/75034 830 0$aLeggi commentate ;$v35.$0(OLS)http://pul/title/17548 850 $aPUL 852 $aPUL$W1$xDP1 Fondo E. Rossi$y115$m6 A 55$j158395$qFondi$B157912$CPULBib$Z2$F157912 $82 941 1 $a1 961 $aSul dorso collocazione ms. di E. Rossi: Com. G. G 2 996 $6020$a88-14-02724-2$9(OLS)http://pul/number/154516 996 $6245$aIl sistema radiotelevisivo pubblico e privato$9(OLS)http://pul/title/173947 996 $6260$aMilano :$bGiuffrè$9(OLS)http://pul/publisher/48401